00595cam a22002052a 450000100060000000300080000600500170001400800410003103500190007204000370009104100080012808200220013610000350015824500430019326000520023630000240028850400480031265000120036065000170037234626BD-RjUL20211209052204.0140518s1963 njua b 000 0 eng d a(BD-RjUL)34720 aDLCcWSUdSERdUKMdBD-RjULbeng aeng a301.44bHSC 19631 aHsu, Francis L. K.,d1909-199910aClan, caste, and club /cby F.L.K. Hsu aPrinceton, N.J ;aLondon :bVan Nostrand,c1963 axi, 335 p. ;c24 cm aBibliography: p. 312-320 - Includes indexes 0aCulture 0aAnthropology